000 00802nam a2200253Ia 4500
003 OSt
005 20221005081230.0
006 a|||||r|||| 00| 0
007 ta
008 221004b |||||||| |||| 00| 0 eng d
020 _a817851074X (hbk)
_c500
024 _a12796
037 _b335, 20/03/2014, Standard Book House
_cTextual
040 _aCRL
_cCRL
_beng
041 _2eng
_aeng
082 _aO111,3N40:g(U42), Q0
100 _aStephen Stanley M
_9610890
245 0 _aBharati Mukherjee
_b Study of immigrant sensibility
260 _aNew Delhi
_bPrestige Books India
_c2010
300 _a160p.
_ccm.
650 _aENGLISH LITERATURE
942 _hO111,3N40:g(U42), Q0
_cTEXL
_2cc
999 _c987377
_d987377